000 00285nam a2200121Ia 4500
005 20260328104301.0
008 260328s9999||||xx |||||||||||||| ||und||
100 _aHasting, Julia
245 0 _aArt & Place /
_cJulia Hasting
260 _bPhaidon
650 _aFOTOGRAFÍA
942 _cBK
999 _c10602
_d10602